000 00916nam a2200253 a 4500
001 42910
003 BD-RjUL
005 20211209053620.0
008 160618m19801935enka b 001 0 eng
035 _a(BD-RjUL)43028
040 _dUPvMLC
_dBD-RjUL
_aBD-RjUL
_beng
_cBD-RjUL
041 _aeng
082 _a330.1
_223
_bWIL1950
100 1 _aWicksell, Knut
_d1851-1926.
_9131788
245 1 0 _aLectures on political economy /
_cKnut Wicksell ; translated from the Swedish by E. Classen and edited with an introduction by Lionel Robbins.
260 _aLondon :
_bG. Routledge and Sons, Ltd.,
_c1935,[impression 1950]
300 _aV. :
_bill ;
_c22 cm.
505 _aVol. 1 General Theory -- v.2 --
650 0 _aEconomics.
_9131789
650 0 _aMoney.
_9131790
700 1 _aClassen, E.
_q(Ernest),
_d1881-,
_etranslator.
_9131791
700 1 _aRobbins, Lionel
_cBaron,
_d1898-1984,
_eeditor.
_9131513
942 _2ddc
_cBK
999 _c42910
_d42910